| 000 | 01112nam a22003257a 4500 | ||
|---|---|---|---|
| 003 | CHAP | ||
| 005 | 20220329134109.0 | ||
| 008 | 971013s1994 r 00010 d | ||
| 010 | _a15329 | ||
| 011 | _a16301 | ||
| 035 | _a20380 | ||
| 040 | _cCHAP | ||
| 090 | _aTesis | ||
| 100 | 0 | 0 |
_aCasillas Aquino, Francisco Javier. _919824 |
| 245 | _aDiseño de una máquina trasplantadora de cebolla (Allium cepa L.) | ||
| 260 |
_aChapingo, Méx. : _bEl autor, _c1994 |
||
| 300 |
_a151 h. _b: ilus. _e+ 10 planos |
||
| 502 | _aTesis (Ing. Agr. Esp. en Mecánica Agrícola) -- UACH. Departamento de Ingeniería Mecánica Agrícola | ||
| 590 |
_aALEPH _b10 _c20130110 _lUCH01 _h1237 |
||
| 590 |
_aBATCH-UPD _b10 _c20130110 _lUCH01 _h2111 |
||
| 590 |
_aBATCH-UPD _b10 _c20130410 _lUCH01 _h1422 |
||
| 590 |
_aBATCH-UPD _b10 _c20130914 _lUCH01 _h0608 |
||
| 590 |
_aCONVERSION _b10 _c20130109 _lUCH01 _h1310 |
||
| 650 | 1 | 4 |
_aCebolla _xTrasplante. _920806 |
| 650 | 1 | 4 |
_aMaquinaria agrícola. _971151 |
| 700 | 0 |
_aBarreto Luna, Salvador. _910448 |
|
| 901 | _aBK | ||
| 942 | _cTESIS | ||
| 949 |
_bBC _cTES _d-47611 _eTS1 _h26773 _i20380 _si |
||
| 999 |
_c15329 _d15329 |
||